[Event "Pontevedra op-B 6th"]
[Site "Pontevedra"]
[Date "2018.08.12"]
[Round "7"]
[White "Calonge Fabregat, Marc"]
[Black "Martin Andres, Carlos"]
[Result "1-0"]
[WhiteElo "1976"]
[BlackElo "1696"]
[PlyCount "133"]
[EventDate "2018.08.08"]
[EventType "swiss"]
[EventRounds "9"]
[EventCountry "ESP"]
[SourceTitle "CBM 186 Extra"]
[Source "ChessBase"]
[SourceDate "2018.08.24"]
[SourceVersion "1"]
[SourceVersionDate "2018.08.24"]
[SourceQuality "1"]

1. e4 e6 2. d4 d5 3. Bd3 dxe4 4. Bxe4 Nf6 5. Bf3 c5 6. Ne2 Nc6 7. Be3 e5 8. Bxc6+ bxc6 9. dxe5 Qxd1+ 10. Kxd1 Ng4 11. Nd2 Be7 12. Nf3 Nxe3+ 13. fxe3 Be6 14. Nf4 Bc4 15. b3 Ba6 16. c4 Bc8 17. h3 h5 18. Ke2 g5 19. Nd3 Bf5 20. g4 hxg4 21. hxg4 Rxh1 22. Rxh1 Bxg4 23. Rh8+ Bf8 24. Nxc5 0-0-0 25. Ne4 Be7 26. Rxd8+ Kxd8 27. Kf2 Bxf3 28. Kxf3 Kd7 29. Ng3 Ke6 30. Ke4 Bf8 31. Ne2 c5 32. Nc3 Bg7 33. Na4 Bf8 34. Nb2 Bg7 35. Nd3 Bf8 36. Kf3 Kf5 37. e4+ Kg6 38. Kg4 Be7 39. Nb2 Bf8 40. Na4 Kh6 41. Kf5 Be7 42. Nc3 Kh5 43. Nd5 Bd8 44. Ne3 Kh4 45. Ng4 Kh5 46. a3 a5 47. Ne3 Kh4 48. a4 Kh5 49. e6 fxe6+ 50. Kxe6 g4 51. e5 g3 52. Kd6 Bg5 53. e6 Bxe3 54. e7 Bd4 55. e8Q+ Kh4 56. Qe4+ Kh3 57. Qh1+ Kg4 58. Kc6 Kf4 59. Kb5 Ke3 60. Qg2 Kf4 61. Kxa5 Bc3+ 62. Kb6 Bb4 63. a5 Bxa5+ 64. Kxa5 Ke5 65. Qxg3+ Kd4 66. Qf3 Ke5 67. Qd5+ 1-0

[Event "Pontevedra op-B 6th"]
[Site "Pontevedra"]
[Date "2018.08.10"]
[Round "4"]
[White "Martin Andres, Carlos"]
[Black "Arguelles Gonzalez, Victor"]
[Result "1-0"]
[WhiteElo "1696"]
[BlackElo "1354"]
[PlyCount "199"]
[EventDate "2018.08.08"]
[EventType "swiss"]
[EventRounds "9"]
[EventCountry "ESP"]
[SourceTitle "CBM 186 Extra"]
[Source "ChessBase"]
[SourceDate "2018.08.24"]
[SourceVersion "1"]
[SourceVersionDate "2018.08.24"]
[SourceQuality "1"]

1. e4 c5 2. Nc3 d6 3. Nge2 Nf6 4. g3 e6 5. Bg2 Be7 6. 0-0 0-0 7. d3 a6 8. Bd2 Qc7 9. Bf4 Nc6 10. Qd2 b5 11. a3 Bb7 12. Rfe1 Qd7 13. Bg5 h6 14. Bxf6 Bxf6 15. Rab1 Rad8 16. b4 Rfe8 17. Kh1 Nd4 18. Nxd4 Bxd4 19. Rf1 Rc8 20. Ne2 Bf6 21. c3 cxb4 22. axb4 d5 23. exd5 exd5 24. d4 Rc7 25. Qd3 Qc6 26. Rfc1 Qc4 27. Qxc4 bxc4 28. Nf4 Bg5 29. Re1 Rd8 30. Ne2 Kf8 31. h4 Bf6 32. Nf4 g6 33. Ra1 Rcd7 34. Ra5 Kg8 35. Bf3 Bg7 36. h5 g5 37. Ng2 Kf8 38. Ne3 Kg8 39. Nf5 Kf8 40. Ne3 Kg8 41. Nf5 Kf8 42. Rc5 Kg8 43. Ra5 Kf8 44. Ne3 Kg8 45. Rb1 Bf8 46. b5 axb5 47. Rbxb5 Bc6 48. Rb6 Ba8 49. Rba6 Bb7 50. Ra7 Bc6 51. Rxd7 Rxd7 52. Bxd5 Bxd5+ 53. Nxd5 Rd8 54. Ne3 Rb8 55. Ra1 Rb3 56. Rc1 Ba3 57. Rc2 Bb2 58. Nd1 Ba3 59. Kg2 Kf8 60. Kf3 Ke7 61. Ke3 Rb1 62. Kd2 Bd6 63. Rb2 Ra1 64. Ne3 Rh1 65. Nxc4 Bc7 66. g4 Bf4+ 67. Ke2 Rh4 68. Rb7+ Kf8 69. f3 Rh2+ 70. Kd3 Rf2 71. Ke4 Rc2 72. Ne5 Bxe5 73. Kxe5 Rxc3 74. Ke4 Rc1 75. Rb3 Ke7 76. Rd3 Ke6 77. d5+ Kf6 78. Ke3 Rc8 79. Ke4 Re8+ 80. Kd4 Rd8 81. Kc5 Ke5 82. Kc6 Rd6+ 83. Kc5 Rd8 84. d6 Rc8+ 85. Kb6 Rd8 86. d7 Ke6 87. Kc7 Ra8 88. d8Q Rxd8 89. Rxd8 Kf6 90. Rd6+ Kg7 91. Kd7 f5 92. gxf5 g4 93. fxg4 Kh7 94. Ke7 Kh8 95. Rg6 Kh7 96. f6 Kh8 97. f7 Kh7 98. Kf6 Kh8 99. f8Q+ Kh7 100. Qg7# 1-0

[Event "Madrid-ch U14"]
[Site "Madrid"]
[Date "2018.04.21"]
[Round "5"]
[White "Guillo Longares, Cecilia"]
[Black "Martin Andres, Carlos"]
[Result "1-0"]
[WhiteElo "1989"]
[BlackElo "1643"]
[PlyCount "87"]
[EventDate "2018.04.14"]
[EventType "swiss"]
[EventRounds "6"]
[EventCountry "ESP"]
[SourceTitle "EXT 2019"]
[Source "ChessBase"]
[SourceDate "2018.10.10"]
[SourceVersion "1"]
[SourceVersionDate "2018.10.10"]
[SourceQuality "1"]

1. d4 Nf6 2. Nf3 g6 3. c4 d6 4. g3 Bg7 5. Bg2 0-0 6. 0-0 c6 7. Nc3 Nbd7 8. b3 d5 9. Bb2 Nb6 10. cxd5 Nbxd5 11. Rc1 e6 12. Qc2 Nxc3 13. Bxc3 Nd5 14. Bb2 f5 15. Ne5 Bxe5 16. dxe5 f4 17. Be4 fxg3 18. hxg3 Qg5 19. Bg2 Bd7 20. e4 Nb6 21. Rcd1 Rf7 22. Qc3 h5 23. Bh3 h4 24. Rxd7 Nxd7 25. Bxe6 Re8 26. Bxf7+ Kxf7 27. f4 Qxg3+ 28. Qxg3 hxg3 29. Kg2 Nc5 30. Rd1 Nxe4 31. Kf3 Nc5 32. Ba3 b6 33. Bxc5 bxc5 34. Rd7+ Re7 35. Rxe7+ Kxe7 36. Kxg3 Ke6 37. Kg4 a5 38. Kg5 Kf7 39. e6+ Kxe6 40. Kxg6 Ke7 41. f5 Kf8 42. Kf6 c4 43. bxc4 a4 44. Ke6 1-0

[Event "Colmenarejo Autumn op"]
[Site "Colmenarejo"]
[Date "2016.10.30"]
[Round "6"]
[White "Garcia Fernandez, Jose Luis"]
[Black "Martin Andres, Carlos"]
[Result "1-0"]
[WhiteElo "1789"]
[BlackElo "1507"]
[PlyCount "101"]
[EventDate "2016.09.25"]
[EventType "swiss"]
[EventRounds "7"]
[EventCountry "ESP"]
[SourceTitle "EXT 2019"]
[Source "ChessBase"]
[SourceDate "2018.10.10"]
[SourceVersion "1"]
[SourceVersionDate "2018.10.10"]
[SourceQuality "1"]

1. Nf3 Nc6 2. d4 d5 3. c4 e6 4. Nc3 Bb4 5. e3 a6 6. Bd3 Nf6 7. 0-0 0-0 8. Qc2 h6 9. Rd1 Be7 10. e4 Nb4 11. Qe2 Nxd3 12. Qxd3 Bb4 13. e5 Nh7 14. Be3 c6 15. a3 Bxc3 16. Qxc3 Qb6 17. Rac1 dxc4 18. Nd2 Qb5 19. Nxc4 Bd7 20. Nd6 Qb6 21. Qd2 Qc7 22. Rc3 f6 23. h4 g5 24. hxg5 hxg5 25. Kh2 Rad8 26. Rh1 Bc8 27. Qd3 f5 28. Kg1 Qg7 29. Bd2 Rd7 30. Rh5 Qg6 31. Qh3 Re7 32. Rh6 Qg7 33. Qh5 Rc7 34. Rg6 g4 35. Bh6 Qxg6 36. Qxg6+ Kh8 37. Bxf8 Nxf8 38. Nf7+ Rxf7 39. Qxf7 Nh7 40. Qe8+ Kg7 41. Qxc8 Ng5 42. Qxb7+ Kg6 43. Rxc6 f4 44. Rc7 Kf5 45. Rc8 g3 46. f3 a5 47. Rf8+ Kg6 48. Rg8+ Kf5 49. Qg7 Nxf3+ 50. gxf3 a4 51. Qg6# 1-0

[Event "Colmenarejo Autumn op"]
[Site "Colmenarejo"]
[Date "2016.10.16"]
[Round "4"]
[White "De Andres Senra, Sergio Ivan"]
[Black "Martin Andres, Carlos"]
[Result "1/2-1/2"]
[WhiteElo "1642"]
[BlackElo "1507"]
[PlyCount "63"]
[EventDate "2016.09.25"]
[EventType "swiss"]
[EventRounds "7"]
[EventCountry "ESP"]
[SourceTitle "EXT 2019"]
[Source "ChessBase"]
[SourceDate "2018.10.10"]
[SourceVersion "1"]
[SourceVersionDate "2018.10.10"]
[SourceQuality "1"]

1. e4 e6 2. Nf3 d5 3. e5 c5 4. d3 Nc6 5. c3 Qb6 6. g3 Nge7 7. d4 cxd4 8. cxd4 Nf5 9. Nc3 Ncxd4 10. g4 Nxf3+ 11. Qxf3 Nd4 12. Qd3 Nc6 13. Qb5 Qc7 14. f4 Bd7 15. Qd3 Bb4 16. a3 Qa5 17. Be3 Bxc3+ 18. bxc3 Qc7 19. Be2 Na5 20. Kf2 Bc6 21. Rhb1 Nc4 22. Bd4 Qe7 23. a4 Qh4+ 24. Qg3 Qe7 25. Bxc4 dxc4 26. Rb4 Bd5 27. Qe3 a6 28. a5 Qh4+ 29. Qg3 Qh6 30. Be3 Qg6 31. Bd4 Qc2+ 32. Ke3 1/2-1/2

[Event "Colmenarejo Autumn op"]
[Site "Colmenarejo"]
[Date "2016.10.02"]
[Round "2"]
[White "Bahillo Vallejo, Ignacio"]
[Black "Martin Andres, Carlos"]
[Result "0-1"]
[WhiteElo "1303"]
[BlackElo "1507"]
[PlyCount "54"]
[EventDate "2016.09.25"]
[EventType "swiss"]
[EventRounds "7"]
[EventCountry "ESP"]
[SourceTitle "EXT 2019"]
[Source "ChessBase"]
[SourceDate "2018.10.10"]
[SourceVersion "1"]
[SourceVersionDate "2018.10.10"]
[SourceQuality "1"]

1. Nf3 Nc6 2. d4 d5 3. Nc3 Nf6 4. Bf4 Nh5 5. e3 Nxf4 6. exf4 a6 7. a3 e6 8. Bd3 Bd6 9. Qd2 Bd7 10. 0-0-0 Qf6 11. g3 Nxd4 12. Nxd4 Qxd4 13. Rde1 0-0-0 14. h4 g6 15. h5 f5 16. Rh4 Rhg8 17. h6 Be7 18. Rhh1 g5 19. fxg5 Bxg5 20. f4 Be7 21. Rhg1 Bd6 22. Rg2 Rg4 23. Ne2 Qf6 24. Rh1 Bxa3 25. Nc3 Bb4 26. Be2 Rg6 27. Rgh2 Rxg3 0-1

[Event "Colmenarejo Autumn op"]
[Site "Colmenarejo"]
[Date "2015.10.25"]
[Round "6"]
[White "Martin Andres, Carlos"]
[Black "Serrano Martinez, Francisco Jose"]
[Result "0-1"]
[WhiteElo "1437"]
[BlackElo "1880"]
[PlyCount "102"]
[EventDate "2015.09.20"]
[EventType "swiss"]
[EventRounds "7"]
[EventCountry "ESP"]
[SourceTitle "EXT 2019"]
[Source "ChessBase"]
[SourceDate "2018.10.10"]
[SourceVersion "1"]
[SourceVersionDate "2018.10.10"]
[SourceQuality "1"]

1. e4 c5 2. d4 cxd4 3. c3 d5 4. exd5 Qxd5 5. cxd4 Nc6 6. Nf3 e5 7. dxe5 Qxd1+ 8. Kxd1 Bc5 9. Be3 Bxe3 10. fxe3 Nh6 11. Bb5 Bd7 12. h3 Nf5 13. Bxc6 Bxc6 14. Re1 0-0 15. e4 Ng3 16. Nc3 Rfd8+ 17. Kc2 Rac8 18. Kb3 Rd3 19. Kb4 b6 20. Nd5 Bxd5 21. exd5 Rxd5 22. Rac1 Rdc5 23. Rxc5 Rxc5 24. Rd1 Kf8 25. Kb3 Ke7 26. Rd4 Ne2 27. Rg4 g6 28. Rh4 h5 29. Ra4 a5 30. g4 hxg4 31. Rxg4 Nc1+ 32. Ka3 Nd3 33. Rg5 Rd5 34. Rg4 Nxe5 35. Nxe5 Rxe5 36. Rg3 b5 37. b4 a4 38. h4 Ke6 39. Rh3 Kd5 40. Rf3 f5 41. Rg3 Re6 42. Rg5 Ke4 43. Kb2 Ke5 44. h5 gxh5 45. Rxh5 Ke4 46. a3 Re5 47. Rh4+ f4 48. Kc2 Rd5 49. Kc3 Ke3 50. Rh2 Rd3+ 51. Kb2 Rd2+ 0-1

[Event "Colmenarejo Autumn op"]
[Site "Colmenarejo"]
[Date "2015.10.04"]
[Round "3"]
[White "Martin Andres, Carlos"]
[Black "Rodriguez Gomez, Jose Antonio"]
[Result "0-1"]
[WhiteElo "1437"]
[BlackElo "1650"]
[PlyCount "135"]
[EventDate "2015.09.20"]
[EventType "swiss"]
[EventRounds "7"]
[EventCountry "ESP"]
[SourceTitle "EXT 2019"]
[Source "ChessBase"]
[SourceDate "2018.10.10"]
[SourceVersion "1"]
[SourceVersionDate "2018.10.10"]
[SourceQuality "1"]

1. e4 e5 2. f4 Nc6 3. Nf3 d6 4. d4 exd4 5. Nxd4 Bd7 6. Be2 Nf6 7. Nc3 Be7 8. 0-0 0-0 9. Be3 a6 10. Nxc6 Bxc6 11. Qd4 Re8 12. Nd5 Nxd5 13. exd5 Bf6 14. Qd2 Bxd5 15. Qxd5 Rxe3 16. Bc4 Qe8 17. Rab1 Rb8 18. Kf2 Re7 19. Rfe1 Qd7 20. Rxe7 Qxe7 21. Re1 Qd7 22. c3 c6 23. Qh5 g6 24. Qe2 Qf5 25. Qe3 Qc5 26. Qxc5 dxc5 27. g3 b5 28. Bd3 Rd8 29. Be4 Rd6 30. Bf3 b4 31. cxb4 cxb4 32. b3 c5 33. Re2 Kg7 34. Rc2 Bc3 35. h3 f5 36. Bb7 a5 37. Ke3 Kf6 38. Kf3 h6 39. g4 fxg4+ 40. hxg4 Rd4 41. Rh2 Kg7 42. Re2 c4 43. bxc4 Rxc4 44. Bd5 Rc7 45. Bb3 Ra7 46. Ke4 a4 47. Bc4 a3 48. Ke3 Rc7 49. Bb3 Bf6 50. Rc2 Re7+ 51. Kf3 Bc3 52. Re2 Rd7 53. Ke3 Kf6 54. Kf3 Rd6 55. Re3 Bd2 56. g5+ hxg5 57. fxg5+ Kxg5 58. Re5+ Kf6 59. Ke4 Bc3 60. Re8 Rd4+ 61. Ke3 Rh4 62. Re6+ Kf5 63. Rc6 g5 64. Bc2+ Kg4 65. Rc4+ Kg3 66. Rc5 Bd4+ 67. Kd3 Bxc5 68. Bb3 0-1

[Event "Colmenarejo Autumn op"]
[Site "Colmenarejo"]
[Date "2015.09.20"]
[Round "1"]
[White "Martin Andres, Carlos"]
[Black "Fraga Suarez, Roberto"]
[Result "1-0"]
[WhiteElo "1437"]
[BlackElo "1828"]
[PlyCount "203"]
[EventDate "2015.09.20"]
[EventType "swiss"]
[EventRounds "7"]
[EventCountry "ESP"]
[SourceTitle "EXT 2019"]
[Source "ChessBase"]
[SourceDate "2018.10.10"]
[SourceVersion "1"]
[SourceVersionDate "2018.10.10"]
[SourceQuality "1"]

1. e4 d5 2. exd5 Nf6 3. c4 c6 4. Nc3 cxd5 5. d4 e6 6. cxd5 Nxd5 7. Bb5+ Nc6 8. Nge2 Be7 9. 0-0 0-0 10. Bxc6 bxc6 11. Nxd5 Qxd5 12. Nc3 Qf5 13. a3 Rd8 14. Qa4 Bb7 15. Be3 Bd6 16. Rad1 Qh5 17. h3 Qg6 18. Ne2 c5 19. f3 cxd4 20. Bxd4 Qg5 21. Qb3 Bd5 22. Qe3 Qxe3+ 23. Bxe3 Bc4 24. Rfe1 Be5 25. Rxd8+ Rxd8 26. b4 a6 27. f4 Bf6 28. Kf2 g6 29. Rc1 Bb5 30. Nc3 Bc6 31. Rd1 Rc8 32. Rd3 Ba8 33. Bd2 Kg7 34. g3 h5 35. h4 Bc6 36. Ke3 Bg2 37. Ne4 Bb2 38. Nd6 Rb8 39. Rb3 Bf6 40. Ne4 Be7 41. Bc3+ f6 42. Ng5 Bd5 43. Rb2 Rc8 44. Kd3 Bc4+ 45. Ke3 e5 46. Ne4 exf4+ 47. Kxf4 Bd3 48. Bd4 Rc4 49. Ke3 Bf1 50. Rf2 Bh3 51. Nxf6 Rxd4 52. Nxh5+ gxh5 53. Kxd4 Be6 54. Ke5 Bc4 55. Rf5 Be2 56. Kf4 Bd6+ 57. Ke3 Bb5 58. Kf2 Kg6 59. Rg5+ Kh6 60. Ke3 Be7 61. Re5 Bf6 62. Re6 Kg6 63. Kf4 Kf7 64. Rb6 Bd4 65. Rh6 Be2 66. Ke4 Bf2 67. Kf4 Kg7 68. Re6 Bb5 69. Re5 Kg6 70. Re6+ Kf7 71. Rh6 Be2 72. a4 Be1 73. Rb6 Bd2+ 74. Ke4 Be1 75. Ke3 Bf1 76. Kf3 Bc3 77. b5 axb5 78. axb5 Bh3 79. Rh6 Bg4+ 80. Ke4 Ke7 81. Kd5 Kd7 82. Rh7+ Kc8 83. Kc6 Bf3+ 84. Kb6 Bd4+ 85. Ka6 Be2 86. Re7 Bf1 87. Re4 Bb2 88. g4 hxg4 89. Rxg4 Kd7 90. Rg1 Bc4 91. h5 Ke6 92. h6 Kf7 93. h7 Bd3 94. Rh1 Bh8 95. Ka5 Kg7 96. b6 Be4 97. Rh4 Bb7 98. Kb5 Kg6 99. Kc5 Bf3 100. Kd6 Ba8 101. Kc7 Be5+ 102. Kc8 1-0

[Event "Madrid-ch U12"]
[Site "Madrid"]
[Date "2015.04.18"]
[Round "2.1"]
[White "Martin Andres, Carlos"]
[Black "Soto Martin, Miguel"]
[Result "0-1"]
[WhiteElo "1427"]
[BlackElo "1816"]
[PlyCount "58"]
[EventDate "2015.04.18"]
[EventType "swiss"]
[EventRounds "7"]
[EventCountry "ESP"]
[SourceTitle "EXT 2024"]
[Source "ChessBase"]
[SourceDate "2023.10.10"]
[SourceVersion "1"]
[SourceVersionDate "2023.10.10"]
[SourceQuality "1"]

1. e4 e5 2. f4 d5 3. exd5 e4 4. Nc3 Nf6 5. d3 Bb4 6. Bd2 e3 7. Bxe3 0-0 8. Be2 Re8 9. Bd2 Bg4 10. a3 Bxc3 11. Bxc3 Nxd5 12. Bd2 Nc6 13. c3 Re6 14. g3 Qe7 15. h3 Bxe2 16. Nxe2 Re8 17. Rh2 Ne3 18. Bxe3 Rxe3 19. g4 Rf3 20. Rh1 Qe3 21. Qd2 Qf2+ 22. Kd1 Rfe3 23. Re1 Qf3 24. Kc1 Rxe2 25. Rxe2 Rxe2 26. Qd1 Qe3+ 27. Kb1 Re1 28. Qxe1 Qxe1+ 29. Ka2 Qe6+ 0-1

[Event "Colmenarejo Autumn op"]
[Site "Colmenarejo"]
[Date "2014.11.02"]
[Round "6"]
[White "Martin Andres, Carlos"]
[Black "Pena Hernandez, Francisco Javier"]
[Result "1-0"]
[WhiteElo "1309"]
[BlackElo "1401"]
[PlyCount "109"]
[EventDate "2014.09.28"]
[EventType "swiss"]
[EventRounds "7"]
[EventCountry "ESP"]
[SourceTitle "EXT 2019"]
[Source "ChessBase"]
[SourceDate "2018.10.10"]
[SourceVersion "1"]
[SourceVersionDate "2018.10.10"]
[SourceQuality "1"]

1. e4 e5 2. f4 exf4 3. Nf3 Nf6 4. Nc3 Bc5 5. e5 Ng4 6. d4 Bb4 7. Bxf4 Bxc3+ 8. bxc3 h5 9. Qd2 Nc6 10. h3 Nh6 11. Bg5 Ne7 12. d5 d6 13. Bb5+ Bd7 14. Bxd7+ Qxd7 15. 0-0 dxe5 16. Nxe5 Qxd5 17. Qxd5 Nxd5 18. Bxh6 Rxh6 19. Rxf7 Re6 20. Rxg7 Rxe5 21. Rg8+ Kd7 22. Rxa8 Nxc3 23. Rxa7 b6 24. Kf1 Re2 25. Rc1 h4 26. Ra3 Re3 27. Kf2 Rg3 28. Rb3 Nxa2 29. Rd1+ Kc6 30. Rxg3 hxg3+ 31. Kxg3 Nc3 32. Rd3 Ne2+ 33. Kf2 Nf4 34. Rf3 Nd5 35. c4 Nb4 36. Rb3 Kc5 37. Rb1 c6 38. g4 Kxc4 39. g5 Nd3+ 40. Ke3 b5 41. g6 Nb4 42. Rc1+ Kb3 43. Ke4 Kb2 44. Rc5 Nd5 45. g7 Ne7 46. Ke5 b4 47. Ke6 Ng8 48. Rxc6 b3 49. Kf7 Ka1 50. Kxg8 b2 51. Ra6+ Kb1 52. Kf7 Kc1 53. Rb6 b1Q 54. Rxb1+ Kxb1 55. g8Q 1-0

[Event "Colmenarejo Autumn op"]
[Site "Colmenarejo"]
[Date "2014.10.26"]
[Round "5"]
[White "Martin Andres, Carlos"]
[Black "Calle Redondo, Daniel"]
[Result "0-1"]
[WhiteElo "1309"]
[BlackElo "1478"]
[PlyCount "53"]
[EventDate "2014.09.28"]
[EventType "swiss"]
[EventRounds "7"]
[EventCountry "ESP"]
[SourceTitle "EXT 2019"]
[Source "ChessBase"]
[SourceDate "2018.10.10"]
[SourceVersion "1"]
[SourceVersionDate "2018.10.10"]
[SourceQuality "1"]

1. e4 e5 2. f4 Nc6 3. Nf3 d6 4. Bb5 Be7 5. 0-0 Bg4 6. Qe1 exf4 7. d4 a6 8. Bxc6+ bxc6 9. Bxf4 Nf6 10. Qc3 Qd7 11. Nbd2 0-0 12. e5 Nd5 13. Qd3 Nxf4 14. Qe4 Nd5 15. c4 Bf5 16. Qe2 Nf4 17. Qe3 Nd3 18. b3 Nb4 19. Ne1 Bh4 20. g3 Be7 21. Qc3 d5 22. c5 a5 23. a3 Bg5 24. Nef3 Bxd2 25. Nxd2 Nc2 26. Ra2 Bh3 27. Rxc2 0-1

[Event "Colmenarejo Autumn op"]
[Site "Colmenarejo"]
[Date "2014.10.05"]
[Round "2"]
[White "Martin Andres, Carlos"]
[Black "Orantes Sanz, Ricardo"]
[Result "0-1"]
[WhiteElo "1309"]
[BlackElo "1638"]
[PlyCount "144"]
[EventDate "2014.09.28"]
[EventType "swiss"]
[EventRounds "7"]
[EventCountry "ESP"]
[SourceTitle "EXT 2019"]
[Source "ChessBase"]
[SourceDate "2018.10.10"]
[SourceVersion "1"]
[SourceVersionDate "2018.10.10"]
[SourceQuality "1"]

1. e4 Nf6 2. Nc3 d6 3. d3 Nc6 4. d4 e5 5. d5 Ne7 6. Nf3 h6 7. Be2 g5 8. Be3 Ng6 9. Bb5+ Bd7 10. Bxd7+ Qxd7 11. Qe2 Nf4 12. Bxf4 gxf4 13. Qb5 c6 14. Qd3 Be7 15. Nd2 Rg8 16. Qf3 Rg6 17. g3 Qh3 18. Rg1 Qxh2 19. Rh1 fxg3 20. fxg3 Qxg3+ 21. Qxg3 Rxg3 22. Rxh6 Rg1+ 23. Nf1 Ng8 24. Rh5 Bg5 25. Kf2 Rg4 26. Nh2 Rf4+ 27. Kg3 Be7 28. Rh8 0-0-0 29. Rf1 Bg5 30. Rh5 Rxf1 31. Nxf1 Bf4+ 32. Kf2 Nf6 33. Rf5 Ng4+ 34. Kf3 Nh6 35. Rh5 Rf8 36. Ne2 f5 37. exf5 Nxf5 38. dxc6 bxc6 39. Nxf4 Nd4+ 40. Kg2 Rxf4 41. c3 Nf5 42. Ng3 Ne3+ 43. Kg1 Nd1 44. Rh2 d5 45. Nf1 Rg4+ 46. Kh1 e4 47. Rd2 e3 48. Rxd1 e2 49. Re1 exf1Q+ 50. Rxf1 Kb7 51. Kh2 Kb6 52. b3 a5 53. a4 Kc5 54. Ra1 d4 55. Rc1 dxc3 56. Rxc3+ Kb4 57. Rh3 c5 58. Rf3 c4 59. Kh3 Rd4 60. bxc4 Rxc4 61. Kg2 Kxa4 62. Kf2 Re4 63. Re3 Rxe3 64. Kxe3 Kb3 65. Kd3 a4 66. Kd2 Kb2 67. Kd3 a3 68. Kd2 a2 69. Kd3 a1Q 70. Kd2 Qc1+ 71. Kd3 Qc3+ 72. Ke4 Qd2 0-1